The one o'clock miracle: (Record no. 49984)
| 000 -LEADER | |
|---|---|
| fixed length control field | 00401nam a2200121 4500 |
| 020 ## - INTERNATIONAL STANDARD BOOK NUMBER | |
| International Standard Book Number | 9781910307434 |
| 100 ## - MAIN ENTRY--PERSONAL NAME | |
| Personal name | Mitchell, Alison. |
| 9 (RLIN) | 80335 |
| 245 ## - TITLE STATEMENT | |
| Title | The one o'clock miracle: |
| Remainder of title | a true story about trusting the words of Jesus / |
| Statement of responsibility, etc | Alison Mitchell. |
| 260 ## - PUBLICATION, DISTRIBUTION, ETC. (IMPRINT) | |
| Place of publication, distribution, etc | USA: |
| Name of publisher, distributor, etc | The Goodbook Company; |
| Date of publication, distribution, etc | 2015. |
| 300 ## - PHYSICAL DESCRIPTION | |
| Extent | unpaged. |
| Other physical details | col. ill. |
| Dimensions | 27 cm. |
| 490 ## - SERIES STATEMENT | |
| Series statement | Tales that tell the truth; |
| 942 ## - ADDED ENTRY ELEMENTS (KOHA) | |
| Source of classification or shelving scheme | |
| Koha item type | Book |
| Withdrawn status | Lost status | Source of classification or shelving scheme | Damaged status | Not for loan | Collection code | Home library | Current library | Date acquired | Total Checkouts | Full call number | Barcode | Date last seen | Price effective from | Koha item type |
|---|---|---|---|---|---|---|---|---|---|---|---|---|---|---|
| Non-Fiction | Asian Hope Siem Reap | Asian Hope Siem Reap | 12/11/2025 | 232.955 MIT | 209700 | 12/11/2025 | 12/11/2025 | Book |